| 000 | 00947na a2200301 4500 | ||
|---|---|---|---|
| 001 | 18143 | ||
| 003 | MIRAKIL | ||
| 005 | 20181213154900.0 | ||
| 008 | 161112b tu 000 0 | ||
| 020 | _a9786053328445 | ||
| 040 |
_aMilas _btur _cTR-AnCHP |
||
| 041 | _atur | ||
| 082 |
_a949.504 _bN51b 2016 |
||
| 090 | _a949.504 N51b 2016 | ||
| 100 | _aNicol, Donald MacGillivray | ||
| 245 |
_aBizans'ın son yüzyılları _b1261-1453 _cDonald M. Nicol ; çeviren Bilge Umar |
||
| 246 | _aBizansın son yüzyılları | ||
| 260 |
_aİstanbul _bTürkiye İş Bankası Kültür Yayınları _c2016 |
||
| 300 |
_axiii, 582 s. _bşkl. _c23 sm. |
||
| 440 |
_aTürkiye İş Bankası Kültür yayınları _v3629 |
||
| 490 | _aTarih | ||
| 504 | _aKaynakça (ss. 509-567) ve dizin var. | ||
| 610 |
_aBizans İmparatorluğu _xTarih _y1261-1453 |
||
| 650 | _aOrtaçağ tarihi | ||
| 650 | _aBizans tarihi | ||
| 700 | _aUmar, Bilge | ||
| 942 |
_2dcc _cBKS |
||
| 999 |
_c2523 _d2523 |
||